000 00775nam a22001937a 4500
003 OSt
005 20251023063847.0
008 251023b |||||||| |||| 00| 0 eng d
040 _aDWCL- Main Lib
_cOC
082 _aProf. 351.0076 C683c 2023
100 _aColas, Ma. Faye M.
245 _aCivil Service professional & subprofessional level exam reviewer practice test :
_bWith answers and detailed solutions up-to-date exam questions CSE- Pattterned questions /
_cMa. Faye M. Colas
260 _aTacloban City, Philippines :
_bBrainbox Publishing,
_cc2023.
300 _axi, 134 pages :
_b illustrations ;
_c21cm.
650 _a1. Civil Service-- Examination
650 _a2. Civil Service --Study guides
650 _a3. Employment test
942 _2ddc
_cPROF.
_mProf.
_n0
999 _c5054
_d5054